01183nam a22002652 450000100060000000300080000600500170001400800410003103500190007204000310009104100140012208200200013624502980015626000770045430000320053149000210056350000310058450400290061565000260064465000560067065000330072670000340075971001030079383000210089630050BD-RjUL20211209051513.0841211s1961 ne a b 000 0 eng c a(BD-RjUL)30135 aDLC/ICUcCGUdBD-RjULbeng0 aengfreger0 a501.8bINC 196104aThe Concept and the role of the model in mathematics and natural and social sciences :bproceedings of the colloquium sponsored by the Division of Philosophy of Sciences of the International Union of History and Philosophy of Sciences organized at Utrecht, January 1960 /cby Hans Freudenthal. aDordrecht :bD. Reidel Pub. Co. ;aNew York :bGordon and Breach,cc1961 a194 p. :bdiagrs. ;c23 cm.1 aSynthese library aEnglish, French or German. aIncludes bibliographies. 0aSciencexMethodology. 0aMathematicsxStudy and teachingxAudio-visual aids. 0aElectromechanical analogies.1 aFreudenthal, Hans,d1905-19902 aInternational Union of the History and Philosophy of Science.bDivision of Philosophy of Sciences. 0aSynthese library